Normal view
MARC view
Entry Personal Name
001 - CONTROL NUMBER
- control field: 30242
003 - CONTROL NUMBER IDENTIFIER
- control field: OSt
005 - DATE AND TIME OF LATEST TRANSACTION
- control field: 20220302104609.0
008 - FIXED-LENGTH DATA ELEMENTS
- fixed length control field: 220302|| aca||aabn | a|a d
040 ## - CATALOGING SOURCE
- Original cataloging agency: OSt
- Transcribing agency: OSt
100 ## - HEADING--PERSONAL NAME
- Personal name: Mohapatra, Samapika
670 ## - SOURCE DATA FOUND
- Source citation: Work cat.: (OSt)518860: Mohapatra, Samapika, ‘We are equal but different’: Challenging compulsory heterosexuality by intersexual female athletes in the world of sport
